Síntesis de los avances, estrategias y propuestas /

Guardat en:
Dades bibliogràfiques
Autor corporatiu: ACNUR, PNUD, Unidad Conjunta de Apoyo a CIREFCA
Format: Text
Publicat: San José: ACNUR
Etiquetes: Afegir etiqueta
Sense etiquetes, Sigues el primer a etiquetar aquest registre!

MARC

LEADER 00000 a a2200000 04500
001 24218
003
040 |a CRAI/IIS  |c CRAI/IIS 
090 |a 171700  
110 |a ACNUR  
245 |a Síntesis de los avances, estrategias y propuestas /  |c ACNUR  
260 |a San José:   |b ACNUR  
300 |a 56 p.  
710 |a PNUD  
710 |a Unidad Conjunta de Apoyo a CIREFCA  
999 |c 6210  |d 6210